00645nam a22002177a 4500003000500000005001700005008004100022010001000063011001000073035001000083040000900093082001600102100001900118245008900137260004900226300002000275490004300295650002700338650001900365830004300384CHAP20220329140415.0971013s1962 r 00010 d a51536 a52508 a56658 cCHAP a595.79bT6800aTownes, Henry. aIchneumon-flies of America North of Mexico; 3. Sub-family Gelinae, tribe Mesostenini aWashington :bSmithsonian Institution,c1962 a602 p.b: ilus. aU.S. National Museum. Bulltin 216 pt.314aHimenópterosxE.U.A.14aIchneumonidae.0 aU.S. National Museum. Bulltin 216 pt.3